20 famous athletes from Switzerland - Statistics

General Stats
  • This quiz has been taken 83 times
  • The average score is 8 of 20
Answer Stats
Hint Answer % Correct
Winner of 20 tennis grand slam tournaments and longtime world No 1. Roger Federer
100%
Retired five-time tennis grand slam winner of slovak descent. Martina Hingis
77%
Winner of three tennis grand slam tournaments (“Marathon-Stan”). Stan Wawrinka
69%
Basel-born Captain of the Swiss national soccer team, midfielder (Arsenal, Mönchengladbach). Granit Xhaka
69%
Soccer player of Kosovar descent, midfielder for Basel, Bayern Munich, AC Milan, Stoke City, Liverpool, Lyon and Chicago. Xherdan Shaqiri
61%
Goalkeeper of Bayern Munich and the Swiss national soccer team. Yann Sommer
57%
Road cyclist, two time Olympic and four time World champion in time trial (“Spartacus”). Fabian Cancellara
44%
Former alpine skier, five time Hahnenkamm winner and Olympic champion. Didier Cuche
44%
Geneva-born race driver who used to compete in Formula 1 with a French license (Lotus, Renault, Haas). Romain Grosjean
43%
Ski jumper and four-time Olympic champion (“Flying Harry Potter”). Simon Ammann
41%
NHL defenseman for the Nashville Predators, winner of the James Norris trophy. Roman Josi
36%
NBA center for the Houston Rockets and the Atlanta Hawks. Clint Capela
34%
Sprinter and 60 m world indoor champion in 2022. Mujinga Kambundji
30%
First Swiss NBA player (Chicago, Oklahoma, Atlanta, Utah, Houston). Thabo Sefolosha
30%
Retired ice hockey defenceman with nearly 800 NHL games for Montreal, the New York Islanders and Philadelphia. Mark Streit
20%
Former figure skater from Valais, two-time World champion and Olympic silver medailst. Stéphane Lambiel
15%
Russian-born former snowboard freestyler and halfpipe Olympic champion in 2014. Youri Podladtchikov
13%
Six-time winner of the Ironman Hawaii and European triathlon champion. Natascha Badmann
10%
Chess player of Russian descent, two-time World Championship finalist (losses to Anatoly Karpov). Victor Kortchnoi
7%
Legendary Formula 1 driver from Fribourg, died in a race crash at Brands Hatch in 1971, aged 35. Jo Siffert
7%
No matching quizzes found
Score Distribution
Percent of People with Each Score
Percentile by Number Answered
Your Score History
You have not taken this quiz